00804nam a2200205 i 4500001000700000003000900007005001700016007000300033008004100036100003600077245011700113260006100230300003300291600004500324610002100369651004100390852002200431999001900453952012600472117143ES-MaACL20251012192033.0t|070301s1959 sp f |||| |bspa d1 aPastor Beltrán, Angel.98949514aLos escolapios y los sitios de Zaragoza b: biografía del Padre Boggiero / cpor el P. Angel Pastor Beltrán. aZaragoza : b[s.n.], c1959 (fImp. Heraldo de Aragón) a258 p., 10 láms ; c21 cm.17aBoggiero, Basilio, d1752-18092915260924aEscolapios93513 4aZaragoza-xHistoria-yS.XIX.9143645 aES-MaACLjC-19594 c117143d117143 00104070aATENEOMbATENEOMcGaleríad2008-01-17eSCl0oC-19594p1122134r2023-02-23 00:00:00w2023-02-23yMONOGRAFIA